El Congreso de Europa (La Haya, 1948) : (Record no. 193455)

MARC details
000 -LEADER
campo de control de longitud fija 03775nam a2200433 i 4500
001 - NÚMERO DE CONTROL
campo de control 193455
003 - IDENTIFICADOR DE NÚMERO DE CONTROL
campo de control ES-MaACL
005 - FECHA Y HORA DE LA ÚLTIMA TRANSACCIÓN
campo de control 20240928063101.0
008 - DATOS DE LONGITUD FIJA--INFORMACIÓN GENERAL
campo de control de longitud fija 230629s2023 sp | |||| 100 0 spa
017 ## - NÚMERO DE COPYRIGHT O DE DEPÓSITO LEGAL
Número de copyright o de depósito legal M 14434-2023
020 ## - NÚMERO INTERNACIONAL ESTÁNDAR DEL LIBRO
Número Internacional Estándar del Libro 9788413527222
Información calificativa Obra completa
020 ## - NÚMERO INTERNACIONAL ESTÁNDAR DEL LIBRO
Número Internacional Estándar del Libro 9788413527208
Información calificativa Vol. I
020 ## - NÚMERO INTERNACIONAL ESTÁNDAR DEL LIBRO
Número Internacional Estándar del Libro 9788413527215
Información calificativa Vol. II
040 ## - FUENTE DE CATALOGACIÓN
Centro/agencia transcriptor ES-MaACL
080 ## - NÚMERO DE LA CLASIFICACIÓN DECIMAL UNIVERSAL
Número de la Clasificación Decimal Universal 341.176(4-6 UE)(091)(062.552)
111 2# - ENTRADA PRINCIPAL--NOMBRE DE CONGRESO/REUNIÓN
Nombre de congreso/reunión o jurisdicción como elemento de entrada Congreso de Europa
Fecha del congreso o de la firma del tratado (1948.
Sede del congreso/Lugar de la reunión La Haya)
9 (RLIN) 234718
245 13 - MENCIÓN DEL TÍTULO
Título El Congreso de Europa (La Haya, 1948) :
Número de parte o sección de la obra
Resto del título el nacimiento de la Unión Europea /
Mención de responsabilidad, etc. Francisco Aldecoa y Eugenio Nasarre (eds.)
246 ## - FORMA VARIANTE DEL TITULO
Título propio/Titulo breve Nacimiento de la Unión Europea
260 ## - PUBLICACIÓN, DISTRIBUCIÓN, ETC.
Lugar de publicación, distribución, etc. Madrid :
Nombre del editor, distribuidor, etc. Catarata,
Fecha de publicación, distribución, etc. [2023]
300 ## - DESCRIPCIÓN FÍSICA
Extensión 2 volúmenes (445, 317 páginas);
Dimensiones 24 cm
490 0# - MENCIÓN DE SERIE
Mención de serie La Europa a la que vamos
Designación de volumen o secuencia ; 10
500 ## - NOTA GENERAL
Nota general Publicación de las Actas completas del Congreso celebrado en La Haya los días 7 al 11 de mayo de 1948
500 ## - NOTA GENERAL
Nota general En cubierta: Movimiento Europeo, Consejo Federal Español
500 ## - NOTA GENERAL
Nota general Índice
500 ## - NOTA GENERAL
Nota general Guardado en caja
520 ## - RESUMEN, ETC.
Sumario, etc. En los días 7 al 11 de mayo de 1948 en la todavía devastada ciudad de La Haya se celebró el Congreso de Europa, en el que se pusieron los cimientos de la Unión Europa. Presidido por Winston Churchill y convocado por los Movimientos para la Unidad Europea, congregó a ochocientas personalidades del mundo político, económico, sindical, universitario, confesiones religiosas, intelectuales y representantes de diversos ámbitos de la vida social. El éxito del Congreso, promovido por la sociedad civil, y la fecundidad de sus debates lo han convertido en un hecho determinante para la historia de la integración europea. Sus "Resoluciones" constituyeron unas orientaciones fundamentales para trazar el camino que se emprendió hacia la construcción de la Europa Unida.<br/><br/>Este libro publica por primera vez en español las Actas completas del Congreso, que se desarrolló en dos sesiones plenarias y en las tres comisiones en las que se dividieron sus trabajos: Comisión Política, Comisión Económica y Social y Comisión Cultural, presididas por los expresidentes de gobierno Paul Ramadier y Paul Van Zeeland, así como por el escritor español Salvador de Madariaga. Los debates son extraordinariamente vivos y en ellos se reflejan las distintas tendencias de la Europa democrática de la posguerra y sus visiones sobre el futuro del continente. Todos ellos estaban animados por un espíritu común: la necesidad imperiosa de la unión política de Europa al servicio de la paz y de la prosperidad del continente, bajo los valores superiores de la libertad, la democracia y la dignidad humana. Setenta y cinco años después de la celebración del Congreso de Europa, varios autores españoles complementan la edición de estas Actas con un análisis sobre el significado histórico del Congreso. La lectura de sus Actas resulta indispensable para una comprensión de las bases y fundamentos de la Unión Europea.
610 04 - PUNTO DE ACCESO ADICIONAL DE MATERIA--NOMBRE DE ENTIDAD CORPORATIVA
Nombre de entidad corporativa o nombre de jurisdicción como elemento de entrada Unión Europea-
Subdivisión de forma Congresos y asambleas
9 (RLIN) 7019
700 1# - ENTRADA AGREGADA--NOMBRE PERSONAL
9 (RLIN) 174811
Nombre de persona Aldecoa Luzárraga, Francisco
Término indicativo de función/relación Editor literario
700 0# - ENTRADA AGREGADA--NOMBRE PERSONAL
9 (RLIN) 84958
Nombre de persona Nasarre, Eugenio
Término indicativo de función/relación Editor literario
710 2# - ENTRADA AGREGADA--NOMBRE DE ENTIDAD CORPORATIVA
9 (RLIN) 156413
Nombre de entidad corporativa o nombre de jurisdicción como elemento de entrada Movimiento Europeo.
Unidad subordinada Consejo Federal Español
830 ## - PUNTO DE ACCESO ADICIONAL DE SERIE-TÍTULO UNIFORME
9 (RLIN) 234813
Título uniforme La Europa a la que vamos
852 ## - LOCALIZACIÓN
Ubicación ES-MaACL
Sublocalización o colección R.154857
Ubicación en estantería Depósito J
Donativo/Legado Donación: Editorial
Número de control de estantería N-9629
itemnumber 201021
Encuadernación Encuadernación rústica con solapas
852 ## - LOCALIZACIÓN
Ubicación ES-MaACL
Sublocalización o colección R. 154857
Ubicación en estantería Depósito J
Donativo/Legado Donación: Editorial
Número de control de estantería N-9630
itemnumber 201022
Encuadernación Encuadernación rústica con solapas
942 ## - ELEMENTOS DE ENTRADA SECUNDARIOS (KOHA)
Tipo de ítem Koha Libro impreso
Suprimir en OPAC No
Holdings
Estatus retirado Estado de pérdida Fuente del sistema de clasificación o colocación Estado de daño No para préstamo Biblioteca de origen Biblioteca actual Ubicación en estantería Fecha de adquisición Fuente de adquisición Enumeración/cronología de publicación seriada Total de préstamos Signatura topográfica completa Código de barras Visto por última vez Tipo de ítem Koha
    Clasificación decimal universal     Biblioteca del Ateneo de Madrid Biblioteca del Ateneo de Madrid Depósito J 11/01/2024 Donación Vol. I   N-9629 101206299 11/01/2024 Libro impreso
    Clasificación decimal universal     Biblioteca del Ateneo de Madrid Biblioteca del Ateneo de Madrid Depósito J 11/01/2024 Donación Vol. II   N-9630 101206300 11/01/2024 Libro impreso